Making work pay in Nicaragua employment, growth, and poverty reduction

Salvato in:
Dettagli Bibliografici
Autore principale: Gutierrez, Catalina
Altri autori: Paci, Pierella, Ranzani, Marco
Natura: Libro
Lingua:inglese
Pubblicazione: Washington, D.C. <The> World Bank 2008
Serie:Directions in development
Soggetti:
Tags: Aggiungi Tag
Nessun Tag, puoi essere il primo ad aggiungerne!!

MARC

LEADER 00000nam$a2200000$$$4500
001 0078454
005 20240315115535.4
020 |a 978-0-8213-7534-2 
020 |a 978-0-8213-7534-1 (vzadu na obale) 
041 0 |a eng 
044 |a US 
245 1 0 |a Making work pay in Nicaragua  |b employment, growth, and poverty reduction  |c Catalina Gutierrez, Pierella Paci, Marco Ranzani 
264 1 |a Washington, D.C.  |b <The> World Bank  |c 2008 
300 |a 129 s. 
490 1 |a Directions in development 
830 0 |a Directions in development 
610 2 0 |a krajiny rozvojové 
610 2 0 |a chudoba 
610 2 0 |a trh práce 
610 2 0 |a práca 
610 2 0 |a regulácia 
610 2 0 |a populácia 
610 2 0 |a zamestnanosť 
610 2 0 |a príjmy 
610 2 0 |a výroba 
610 2 0 |a poľnohospodárstvo 
610 2 0 |a segmentácia trhu 
610 2 0 |a ukazovatele ekonomické 
610 2 0 |a údaje štatistické 
610 2 0 |a rast hospodársky 
610 2 0 |a produktivita práce 
610 2 0 |a mzdy 
610 2 0 |a redukcia chudoby 
610 2 0 |a Nikaragua 
100 1 |a Gutierrez, Catalina 
700 1 |a Paci, Pierella 
700 1 |a Ranzani, Marco